00473 a2200157 4500001000700000020000600007040001100013100002000024240006400044245005900108362000900167697001100176942000700187952010200194999001900296171125 a  cMagnum aWerthein, Jorge10aConstrucao e identidade: as ideias da unesco no brasillpor10aConstrucao e identidade: as ideias da unesco no brasil0 a1899 aENSINO cBK 00104070a32.5b32.5d2024-06-08l0oLI.09742pMAG00016135r2024-06-08 20:43:33w2024-06-08yBK c171125d171125